Tipy dannych v jazykach programmirovanija i bazach dannych /

Enregistré dans:
Détails bibliographiques
Auteur principal: Zamulin, Aleksandr Vasiljevič (Auteur)
Format: Livre
Langue:russe
Publié: Novosibirsk : Nauka, 1987
Tags: Ajouter un tag
Pas de tags, Soyez le premier à ajouter un tag!

MARC

LEADER 00000nam a22000003a 4500
001 stu4729
005 20150617225811.8
008 931103s1987----xxr-----------------rus-d
040 |a STU  |b slo 
041 0 |a rus 
044 |a xxr 
080 |a 681.32.04  |7 stu_us_auth*stu16955 
080 |a 519.682 
100 1 |a Zamulin, Aleksandr Vasiljevič  |4 aut 
245 1 |a Tipy dannych v jazykach programmirovanija i bazach dannych /  |c [aut.] Zamulin,A.V 
260 |a Novosibirsk :  |b Nauka,  |c 1987 
300 |a 147 s 
996 |c I*10DJ3736  |l I  |s A  |a 24  |w stu4729_0002